000 00391pab a2200145 454500
008 180718b1984 xxu||||| |||| 00| 0 eng d
100 _aBrown, Judith R.
245 _aMini - Symposium on legislative program evaluation
_bIntroduction
260 _c1984
300 _a257
362 _aMay-June
650 _aLegislators - U.S.A.
773 _aPublic Administration Review
909 _a12587
999 _c12587
_d12587